01530nam a2200409 i 450000100060000000300080000600500170001400600190003100700150005000800410006502000270010603500220013304000310015505000220018608000190020808200190022710000300024624501340027625000230041026400500043330000410048333600310052433700330055533800430058858800830063159001620071465000160087665000220089265000130091465000190092765100140094665500270096070000360098779700180102385600620104199900170110399807FINmELB20241217173010.0m o u cr cn|||||||||190610s2018 mx o 000 0 spa d a9786076292228 (e-book) a(OCoLC)1105523276 aFINmELBbspaerdacFINmELB 4aHJ4744bP944 2018 a336.226.11(72)0 a343.4605232231 aPérez Chávez, José.10aRégimen fiscal de los ingresos por actividades empresariales y profesionales /cJosé Pérez Chávez, Raymundo Fol Olguín. aTercera edición. 1aMéxico, D.F. :bTax Editores Unidos,c2018. a1 recurso en línea (123 páginas) atextobtxt2rdacontent/spa acomputadorabc2rdamedia/spa arecurso en líneabcr2rdacarrier/spa aDescripción basada en metadatos suministrados por el editor y otras fuentes. aRecurso electrónico. Santa Fe, Arg.: elibro, 2020. Disponible vía World Wide Web. El acceso puede estar limitado para las bibliotecas afiliadas a elibro. 0aIncome tax. 0aTaxationzMexico. 4aIngreso. 4aTributación. 4aMéxico. 4aLibros electrónicos.1 aFol Olguín, Raymundo,eautor.2 aelibro, Corp.40uhttps://elibro.net/ereader/politecnicointernacional/40305 c99807d99807